000 01356cam a22003734a 4500
001 6908661
005 20150828094315.0
008 080303s2008 enk b 001 0 eng
010 _a 2008009741
020 _a9780826498571 (HB)
020 _a0826498574 (HB)
020 _a9780826498588 (pbk.)
020 _a0826498582 (pbk.)
024 _a40015926760
035 _a(OCoLC)ocn212847539
035 _a(OCoLC)212847539
035 _a(NNC)6908661
040 _aDLC
_cDLC
_dYDX
_dBTCTA
_dBAKER
_dYDXCP
_dUKM
050 0 0 _aB832
_b.T35 2008
082 0 0 _a144/.3
_222
100 1 _aTalisse, Robert B.
_919108
245 1 0 _aPragmatism :
_ba guide for the perplexed /
_cRobert B. Talisse and Scott F. Aikin.
260 _aLondon ;
_aNew York :
_bContinuum,
_cc2008.
300 _a192 p. ;
_c23 cm.
490 1 _aContinuum guides for the perplexed
504 _aIncludes bibliographical references (p. 179-185) and index.
505 0 _aThe origins of pragmatism -- Pragmatism and epistemology -- Pragmatism and truth -- Pragmatism and metaphysics -- Pragmatism and ethics -- Pragmatism and politics -- Pragmatism and environmental ethics.
650 0 _aPragmatism.
_919109
700 1 _aAikin, Scott F.
_919110
830 0 _aGuides for the perplexed.
_911161
942 _2lcc
_cMONOGRAPH
948 1 _a20081103
_bc
_csl13
_dMPS
999 _c123167
_d123167